00269nam a2200097 4500008004100000020001500041082001500056100002100071245007100092300000800163230703b xxu||||| |||| 00| 0 eng d a9966948570 a339.1bKAR cDavid K. kariuki aRevamping the Pyrethrum Sub-sector in kenya through value Addition a39p